El poder: para una historia de la filosofía política moderna

Guardat en:
Dades bibliogràfiques
Autor principal: Duso, Giuseppe (Autor)
Format: Llibre
Idioma:espanyol
Publicat: Ciudad de México Siglo XXI 2007
Edició:2a. ed
Col·lecció:Filosofía
Matèries:
Etiquetes: Afegir etiqueta
Sense etiquetes, Sigues el primer a etiquetar aquest registre!

MARC

LEADER 00000nam a2200000 a 4500
001 UCG3121
003 CL-VaPUC
008 100812e20070000MX |||||||||||||||||spa|d
020 |a 9789682326004 
082 0 4 |a 171.1  |b DUS  |2 21 
100 0 |a Duso, Giuseppe  |e author  |9 552006 
245 1 3 |a El poder: para una historia de la filosofía política moderna 
250 |a 2a. ed 
300 |a 404 p 
942 |c BK 
945 |d 20100812 00:00:00  |a mfarfan 
260 |a Ciudad de México  |b Siglo XXI  |c 2007 
650 0 |a Poder (Filosofía)  |9 313367 
650 0 |a Poder (Ciencias sociales)  |9 255502 
650 0 |a Poder político  |9 255509 
583 |a last modification  |c 20100812 00:00:00  |k Rodrigo Vera 
490 0 |a Filosofía 
999 |c 342216  |d 342214 
952 |0 0  |1 0  |4 0  |6 171_100000000000000_DUS_2007  |7 0  |8 A  |9 438283  |a BIBEDU  |b BIBEDU  |d 2019-11-22  |i 4705033  |o 171.1 DUS 2007  |p 4705033  |r 2019-11-22  |w 2019-11-22  |y BK  |k FIL